<?xml version="1.0" encoding="UTF-8"?>
<record
    xmlns:xsi="http://www.w3.org/2001/XMLSchema-instance"
    xsi:schemaLocation="http://www.loc.gov/MARC21/slim http://www.loc.gov/standards/marcxml/schema/MARC21slim.xsd"
    xmlns="http://www.loc.gov/MARC21/slim">

  <leader>02511nam0a2200421   4500</leader>
  <controlfield tag="001">RU\NLR\bibl\1836726</controlfield>
  <controlfield tag="005">20260426063008.0</controlfield>
  <datafield tag="010" ind1=" " ind2=" ">
    <subfield code="a">978-5-321-01994-8</subfield>
    <subfield code="9">100</subfield>
  </datafield>
  <datafield tag="021" ind1=" " ind2=" ">
    <subfield code="a">RU</subfield>
    <subfield code="b">2011-85237</subfield>
    <subfield code="9">6072</subfield>
  </datafield>
  <datafield tag="035" ind1=" " ind2=" ">
    <subfield code="a">(nilc)RSL-KNO-005065939</subfield>
  </datafield>
  <datafield tag="035" ind1=" " ind2=" ">
    <subfield code="a">(NLR Aleph) 001827211</subfield>
  </datafield>
  <datafield tag="090" ind1=" " ind2=" ">
    <subfield code="a">2087871</subfield>
    <subfield code="c">2087871</subfield>
  </datafield>
  <datafield tag="100" ind1=" " ind2=" ">
    <subfield code="a">20111031d2011    |||y0rusy50      ca</subfield>
  </datafield>
  <datafield tag="101" ind1="0" ind2=" ">
    <subfield code="a">rus</subfield>
  </datafield>
  <datafield tag="102" ind1=" " ind2=" ">
    <subfield code="a">RU</subfield>
  </datafield>
  <datafield tag="105" ind1=" " ind2=" ">
    <subfield code="a">a   |||||||||</subfield>
  </datafield>
  <datafield tag="200" ind1="1" ind2=" ">
    <subfield code="a">&#x41C;&#x430;&#x442;&#x435;&#x43C;&#x430;&#x442;&#x438;&#x447;&#x435;&#x441;&#x43A;&#x43E;&#x435; &#x438; &#x43A;&#x43E;&#x43C;&#x43F;&#x44C;&#x44E;&#x442;&#x435;&#x440;&#x43D;&#x43E;&#x435; &#x438;&#x441;&#x441;&#x43B;&#x435;&#x434;&#x43E;&#x432;&#x430;&#x43D;&#x438;&#x435; &#x43D;&#x435;&#x43A;&#x43E;&#x442;&#x43E;&#x440;&#x44B;&#x445; &#x437;&#x430;&#x434;&#x430;&#x447; &#x442;&#x435;&#x43E;&#x440;&#x438;&#x438; &#x444;&#x443;&#x43D;&#x43A;&#x446;&#x438;&#x43E;&#x43D;&#x430;&#x43B;&#x44C;&#x43D;&#x43E;-&#x434;&#x438;&#x444;&#x444;&#x435;&#x440;&#x435;&#x43D;&#x446;&#x438;&#x430;&#x43B;&#x44C;&#x43D;&#x44B;&#x445; &#x443;&#x440;&#x430;&#x432;&#x43D;&#x435;&#x43D;&#x438;&#x439;: &#x43E; &#x43A;&#x440;&#x438;&#x432;&#x44B;&#x445;, &#x43E;&#x43F;&#x440;&#x435;&#x434;&#x435;&#x43B;&#x44F;&#x435;&#x43C;&#x44B;&#x445; &#x444;&#x443;&#x43D;&#x43A;&#x446;&#x438;&#x43E;&#x43D;&#x430;&#x43B;&#x44C;&#x43D;&#x43E;-&#x434;&#x438;&#x444;&#x444;&#x435;&#x440;&#x435;&#x43D;&#x446;&#x438;&#x430;&#x43B;&#x44C;&#x43D;&#x44B;&#x43C;&#x438; &#x443;&#x440;&#x430;&#x432;&#x43D;&#x435;&#x43D;&#x438;&#x44F;&#x43C;&#x438;</subfield>
    <subfield code="e">&#x43C;&#x43E;&#x43D;&#x43E;&#x433;&#x440;&#x430;&#x444;&#x438;&#x44F;</subfield>
    <subfield code="f">[&#x410;.&#x412;. &#x41A;&#x438;&#x43C;, &#x412;.&#x41C;. &#x41A;&#x43E;&#x440;&#x43C;&#x44B;&#x448;&#x435;&#x432;, &#x41E;.&#x411;. &#x41A;&#x432;&#x43E;&#x43D; &#x438; &#x434;&#x440;.]</subfield>
    <subfield code="g">&#x41C;-&#x432;&#x43E; &#x43E;&#x431;&#x440;&#x430;&#x437;&#x43E;&#x432;&#x430;&#x43D;&#x438;&#x44F; &#x438; &#x43D;&#x430;&#x443;&#x43A;&#x438; &#x420;&#x43E;&#x441;&#x441;&#x438;&#x439;&#x441;&#x43A;&#x43E;&#x439; &#x424;&#x435;&#x434;&#x435;&#x440;&#x430;&#x446;&#x438;&#x438;, &#x423;&#x440;&#x430;&#x43B;&#x44C;&#x441;&#x43A;&#x438;&#x439; &#x444;&#x435;&#x434;&#x435;&#x440;&#x430;&#x43B;&#x44C;&#x43D;&#x44B;&#x439; &#x443;&#x43D;-&#x442; &#x438;&#x43C;. &#x43F;&#x435;&#x440;&#x432;&#x43E;&#x433;&#x43E; &#x41F;&#x440;&#x435;&#x437;&#x438;&#x434;&#x435;&#x43D;&#x442;&#x430; &#x411;. &#x41D;. &#x415;&#x43B;&#x44C;&#x446;&#x438;&#x43D;&#x430;</subfield>
  </datafield>
  <datafield tag="210" ind1=" " ind2=" ">
    <subfield code="a">&#x415;&#x43A;&#x430;&#x442;&#x435;&#x440;&#x438;&#x43D;&#x431;&#x443;&#x440;&#x433;</subfield>
    <subfield code="c">&#x423;&#x440;&#x424;&#x423;</subfield>
    <subfield code="d">2011</subfield>
  </datafield>
  <datafield tag="215" ind1=" " ind2=" ">
    <subfield code="a">103 &#x441;.</subfield>
    <subfield code="c">&#x438;&#x43B;.</subfield>
    <subfield code="d">20</subfield>
  </datafield>
  <datafield tag="300" ind1=" " ind2=" ">
    <subfield code="a">&#x417;&#x430;&#x433;&#x43B;. &#x43E;&#x431;&#x43B;.: Mathematical and computer investigation of some problems of the functional differential equation theory : &#x43C;&#x43E;&#x43D;&#x43E;&#x433;&#x440;&#x430;&#x444;&#x438;&#x44F;</subfield>
  </datafield>
  <datafield tag="300" ind1=" " ind2=" ">
    <subfield code="a">&#x410;&#x432;&#x442;. &#x443;&#x43A;&#x430;&#x437;&#x430;&#x43D;&#x44B; &#x43D;&#x430; &#x43E;&#x431;&#x43B;.</subfield>
  </datafield>
  <datafield tag="320" ind1=" " ind2=" ">
    <subfield code="a">&#x411;&#x438;&#x431;&#x43B;&#x438;&#x43E;&#x433;&#x440;.: &#x441;. 101-103 (28 &#x43D;&#x430;&#x437;&#x432;.)</subfield>
  </datafield>
  <datafield tag="512" ind1="1" ind2=" ">
    <subfield code="a">Mathematical and computer investigation of some problems of the functional differential equation theory</subfield>
    <subfield code="z">eng</subfield>
  </datafield>
  <datafield tag="606" ind1="1" ind2=" ">
    <subfield code="a">&#x424;&#x443;&#x43D;&#x43A;&#x446;&#x438;&#x43E;&#x43D;&#x430;&#x43B;&#x44C;&#x43D;&#x43E;-&#x434;&#x438;&#x444;&#x444;&#x435;&#x440;&#x435;&#x43D;&#x446;&#x438;&#x430;&#x43B;&#x44C;&#x43D;&#x44B;&#x435; &#x443;&#x440;&#x430;&#x432;&#x43D;&#x435;&#x43D;&#x438;&#x44F;</subfield>
    <subfield code="x">&#x422;&#x435;&#x43E;&#x440;&#x438;&#x44F;</subfield>
    <subfield code="9">1919228</subfield>
    <subfield code="3">RU\NLR\auth\661164151</subfield>
  </datafield>
  <datafield tag="610" ind1="0" ind2=" ">
    <subfield code="a">&#x444;&#x443;&#x43D;&#x43A;&#x446;&#x438;&#x43E;&#x43D;&#x430;&#x43B;&#x44C;&#x43D;&#x43E;-&#x434;&#x438;&#x444;&#x444;&#x435;&#x440;&#x435;&#x43D;&#x446;&#x438;&#x430;&#x43B;&#x44C;&#x43D;&#x44B;&#x435; &#x443;&#x440;&#x430;&#x432;&#x43D;&#x435;&#x43D;&#x438;&#x44F;</subfield>
  </datafield>
  <datafield tag="686" ind1=" " ind2=" ">
    <subfield code="a">&#x412;161.922-7,0</subfield>
    <subfield code="2">rubbk</subfield>
  </datafield>
  <datafield tag="686" ind1=" " ind2=" ">
    <subfield code="a">&#x412;161.922</subfield>
  </datafield>
  <datafield tag="701" ind1=" " ind2="1">
    <subfield code="a">&#x41A;&#x438;&#x43C;</subfield>
    <subfield code="b">&#x410;. &#x412;.</subfield>
    <subfield code="g">&#x410;&#x440;&#x43A;&#x430;&#x434;&#x438;&#x439; &#x412;&#x43B;&#x430;&#x434;&#x438;&#x43C;&#x438;&#x440;&#x43E;&#x432;&#x438;&#x447;</subfield>
    <subfield code="4">070</subfield>
  </datafield>
  <datafield tag="701" ind1=" " ind2="1">
    <subfield code="a">&#x41A;&#x43E;&#x440;&#x43C;&#x44B;&#x448;&#x435;&#x432;</subfield>
    <subfield code="b">&#x412;. &#x41C;.</subfield>
    <subfield code="g">&#x412;&#x430;&#x43B;&#x435;&#x43D;&#x442;&#x438;&#x43D; &#x41C;&#x438;&#x445;&#x430;&#x439;&#x43B;&#x43E;&#x432;&#x438;&#x447;</subfield>
    <subfield code="4">070</subfield>
  </datafield>
  <datafield tag="701" ind1=" " ind2="1">
    <subfield code="4">070</subfield>
    <subfield code="8">rus</subfield>
    <subfield code="7">ca</subfield>
    <subfield code="a">&#x41A;&#x432;&#x43E;&#x43D;</subfield>
    <subfield code="b">&#x41E;-&#x431;.</subfield>
    <subfield code="g">&#x41E;-&#x411;&#x43E;&#x43A;</subfield>
    <subfield code="3">RU\NLR\auth\77112963</subfield>
    <subfield code="9">95888</subfield>
  </datafield>
  <datafield tag="712" ind1="0" ind2="2">
    <subfield code="4">570</subfield>
    <subfield code="a">&#x423;&#x440;&#x430;&#x43B;&#x44C;&#x441;&#x43A;&#x438;&#x439; &#x444;&#x435;&#x434;&#x435;&#x440;&#x430;&#x43B;&#x44C;&#x43D;&#x44B;&#x439; &#x443;&#x43D;&#x438;&#x432;&#x435;&#x440;&#x441;&#x438;&#x442;&#x435;&#x442; &#x438;&#x43C;. &#x43F;&#x435;&#x440;&#x432;&#x43E;&#x433;&#x43E; &#x41F;&#x440;&#x435;&#x437;&#x438;&#x434;&#x435;&#x43D;&#x442;&#x430; &#x420;&#x43E;&#x441;&#x441;&#x438;&#x438; &#x411;. &#x41D;. &#x415;&#x43B;&#x44C;&#x446;&#x438;&#x43D;&#x430;</subfield>
    <subfield code="c">&#x415;&#x43A;&#x430;&#x442;&#x435;&#x440;&#x438;&#x43D;&#x431;&#x443;&#x440;&#x433;</subfield>
    <subfield code="3">RU\NLR\AUTH\8810168127</subfield>
    <subfield code="9">832088</subfield>
  </datafield>
  <datafield tag="801" ind1=" " ind2="0">
    <subfield code="a">RU</subfield>
    <subfield code="b">RuMoRKP</subfield>
    <subfield code="c">20111031</subfield>
    <subfield code="g">rcr</subfield>
  </datafield>
  <datafield tag="801" ind1=" " ind2="1">
    <subfield code="a">RU</subfield>
    <subfield code="b">&#x420;&#x413;&#x411;</subfield>
    <subfield code="c">20111031</subfield>
  </datafield>
  <datafield tag="801" ind1=" " ind2="2">
    <subfield code="a">RU</subfield>
    <subfield code="b">NLR</subfield>
    <subfield code="c">20111121</subfield>
    <subfield code="g">rcr</subfield>
  </datafield>
  <datafield tag="942" ind1=" " ind2=" ">
    <subfield code="c">BOOK</subfield>
  </datafield>
  <datafield tag="980" ind1=" " ind2=" ">
    <subfield code="a">NB</subfield>
  </datafield>
  <datafield tag="980" ind1=" " ind2=" ">
    <subfield code="a">NBR</subfield>
  </datafield>
  <datafield tag="995" ind1=" " ind2=" ">
    <subfield code="5">2011-11-21</subfield>
    <subfield code="a">ad</subfield>
    <subfield code="b">NLR01</subfield>
    <subfield code="c">NLR01</subfield>
    <subfield code="e">RF8</subfield>
    <subfield code="f">3537660</subfield>
    <subfield code="k">2011-3/36616</subfield>
    <subfield code="o">0</subfield>
    <subfield code="r">BOOK</subfield>
    <subfield code="s">2011336616_</subfield>
  </datafield>
  <datafield tag="995" ind1=" " ind2=" ">
    <subfield code="5">2011-11-21</subfield>
    <subfield code="a">ad</subfield>
    <subfield code="b">NLR01</subfield>
    <subfield code="c">NLR01</subfield>
    <subfield code="e">RF8</subfield>
    <subfield code="f">3537661</subfield>
    <subfield code="k">2011-3/36616</subfield>
    <subfield code="o">0</subfield>
    <subfield code="r">BOOK</subfield>
    <subfield code="s">2011336616_</subfield>
  </datafield>
</record>
